[Event "IECG CA.2006.0.00180 email"]
[Site "IECG email"]
[Date "2006.12.03"]
[Round "?"]
[White "Croitor, Mihail"]
[Black "Kovacevic, Antun"]
[Result "0-1"]
[WhiteElo "2096"]
[BlackElo "2182"]
[PlyCount "26"]
[EventDate "2006.12.03"]
[EventType "tourn (corr)"]
[EventRounds "6"]
[SourceTitle "Corr 2024"]
[Source "ChessBase"]
[SourceDate "2023.10.19"]
[SourceVersion "1"]
[SourceVersionDate "2023.10.19"]
[SourceQuality "1"]

1. c4 Nf6 2. Nc3 e6 3. d4 Bb4 4. e3 0-0 5. Bd3 c5 6. Nge2 cxd4 7. exd4 d5 8. 0-0 Nc6 9. a3 dxc4 10. Bxc4 Bd6 11. Ng3 Bxg3 12. hxg3 Qxd4 13. Bg5 Qxc4 0-1

[Event "IECG CP.2006.P.00090 email"]
[Site "IECG email"]
[Date "2006.10.01"]
[Round "?"]
[White "Croitor, Mihail"]
[Black "Pely, Giora"]
[Result "1/2-1/2"]
[WhiteElo "2096"]
[BlackElo "2412"]
[PlyCount "109"]
[EventDate "2006.10.01"]
[EventType "tourn (corr)"]
[EventRounds "6"]
[SourceTitle "Corr 2011"]
[Source "ChessBase"]
[SourceDate "2010.08.31"]
[SourceVersion "1"]
[SourceVersionDate "2010.08.31"]
[SourceQuality "1"]

1. c4 Nf6 2. Nc3 g6 3. g3 Bg7 4. Bg2 0-0 5. d4 d6 6. e4 e5 7. Nge2 c6 8. 0-0 Nbd7 9. b3 Re8 10. Bb2 exd4 11. Nxd4 Nc5 12. Re1 a5 13. Qc2 Qb6 14. Rad1 a4 15. Nxa4 Nxa4 16. bxa4 Qb4 17. a5 Qxa5 18. Nb3 Qc7 19. Bc3 Be6 20. e5 dxe5 21. Bxe5 Qb6 22. Bd4 Qb4 23. Nc5 Bxc4 24. Rxe8+ Rxe8 25. a3 Qb5 26. Qc3 Nd5 27. Bxd5 cxd5 28. Bxg7 Qxc5 29. Bh6 f6 30. Qxf6 Qe7 31. Qxe7 Rxe7 32. Be3 b5 33. Kg2 Kf7 34. Rd4 Ke6 35. Kf3 Re8 36. h4 Ra8 37. Bc1 Kd6 38. Rf4 Bd3 39. Bd2 Be4+ 40. Ke2 Ke6 41. Bb4 Rc8 42. f3 Bb1 43. g4 h5 44. Ke3 hxg4 45. fxg4 Ke5 46. Rf8 d4+ 47. Kf3 Be4+ 48. Kg3 Rc7 49. Re8+ Kd5 50. Rd8+ Kc4 51. Kf4 Bc2 52. h5 gxh5 53. gxh5 Kb3 54. Rxd4 Rc4 55. Ke3 1/2-1/2